LIBRARY & INFORMATION CENTRE, KCAET, TAVANUR

ONLINE PUBLIC ACCESS CATALOGUE (OPAC)

South Indian field crops / (Record no. 7278)

MARC details
000 -LEADER
fixed length control field 00479cam a2200193ua 4500
041 ## - LANGUAGE CODE
Language code of text/sound track or separate title eng
082 ## - DEWEY DECIMAL CLASSIFICATION NUMBER
Classification number 633.081
Item number SUB/SO
100 ## - MAIN ENTRY--AUTHOR NAME
Personal name Subbiah Mudliar, V T .
245 ## - TITLE STATEMENT
Title South Indian field crops /
250 ## - EDITION STATEMENT
Edition statement 1 /
260 ## - PUBLICATION, DISTRIBUTION, ETC. (IMPRINT)
Place of publication Madras :
Name of publisher Central Art press ,
Year of publication 1960.
300 ## - PHYSICAL DESCRIPTION
Number of Pages 407 ; .
942 ## - ADDED ENTRY ELEMENTS (KOHA)
Koha item type Books
Holdings
Withdrawn status Lost status Damaged status Home library Current library Date acquired Cost, normal purchase price Full call number Accession Number Koha item type
Withdrawn   Damaged KAUAET KAUAET 07/04/2012 15.00 633.081 7444 Books
Withdrawn     KAUAET KAUAET 07/04/2012 15.00 633.081 7445 Books
Withdrawn   Damaged KAUAET KAUAET 25/06/2020 15.00 633.081 SUB/SO 7443 Books
free website counter